| 000 | 00843nac a22002171u 4500 | ||
|---|---|---|---|
| 010 | _a99043677 | ||
| 020 | _a1852331615 (alk. paper) | ||
| 035 | _a(DLC) 99043677 | ||
| 082 | 0 | 0 |
_a621.3822 _bW7291 |
| 090 |
_c865 _d865 |
||
| 100 | _aWilliamson, Darrell, | ||
| 245 | 1 | 0 |
_aDiscrete-time signal processing : _ban algebraic approach / _cDarrell Williamson. |
| 260 |
_aLondon ; _aNew York : _bSpringer, _cc1999. |
||
| 300 |
_axv, 421 p. : _bill. ; _c24 cm. |
||
| 440 | 0 | _aAdvanced textbooks in control and signal processing | |
| 650 | 0 |
_aSignal processing _xMathematics. |
|
| 650 | 0 | _aDiscrete-time systems. | |
| 650 | 0 | _aDigital filters (Mathematics) | |
| 942 |
_cBB _k621.3822W7291 |
||
| 999 |
_c865 _d865 |
||